000 00777nam a2200241 i 4500
003 DO-SdBNP
005 20231102101846.0
006 a||||gr|||| 00| 0
007 ta
008 231102e1993 dr aoc|| |||| 00| 0 spa d
040 _aDO-SdBNP
_bspa
_cBNPHU
_erda
041 _hkor
082 4 _222
_bM385c
245 1 0 _aCorea del Sur tierra de promisión. /
_cZoila Violeta Martínez de Medina.
264 1 _a[sin lugar] :
_b[sin editora]
_c1993
300 _a58 páginas :
_bIlustraciones, fotografías, retrato ;
_c19 cm.
336 _2rdacontent
_atexto
_btxt
337 _2rdamedia
_asin mediación
_bn
338 _2rdacarrier
_avolumen
_bnc
546 _aIdioma original, coreano, traducido al español y al inglés.
590 _aInventariado 2023 / MF
942 _2ddc
_cLBS1
999 _c55379
_d55379